SOS Deluxe: LANA - Album (SZA) - Statistics

General Stats
  • This quiz has been taken 182 times
  • The average score is 24 of 38
Answer Stats
# Title % Correct
3. (w/ Kendrick Lamar) 30 For 30
88%
35. (feat. Travis Scott) Open Arms
85%
17. Kill Bill
83%
15. Saturn
81%
5. BMF
76%
16. SOS
76%
11. Kitchen
73%
27. (feat. Phoebe Bridgers) Ghost in The Machine
70%
10. Crybaby
69%
23. Snooze
69%
22. (feat. Don Toliver) Used
68%
14. Another Life
67%
37. Good Days
67%
1. No More Hiding
67%
13. Drive
66%
29. Nobody Gets Me
65%
6. Scorsese Baby Daddy
64%
34. Shirt
64%
8. Chill Baby
63%
28. F2F
63%
19. Low
63%
20. Love Language
61%
31. Special
61%
33. Far
60%
38. (feat.Ol' Dirty Bastard) Forgiveless
60%
2. What Do I Do
60%
21. Blind
59%
4. Diamond Boy (DTM)
58%
12. (Interlude) Get Behind Me
57%
36. I Hate U
56%
18. Seek & Destroy
56%
32. Too Late
55%
25. Gone Girl
53%
7. Love Me 4 Me
51%
30. Conceited
49%
9. My Turn
49%
26. Smoking on my Ex Pack
48%
24. Notice Me
47%
No matching quizzes found
Score Distribution
Percent of People with Each Score
Percentile by Number Answered
Your Score History
You have not taken this quiz